[Event "Yelets Rector Cup"]
[Site "Yelets"]
[Date "2015.11.30"]
[Round "7"]
[White "Loskutov, Sviatoslav"]
[Black "Sargissyan, Sargis"]
[Result "1-0"]
[WhiteElo "2269"]
[BlackElo "2325"]
[PlyCount "125"]
[EventDate "2015.11.26"]
[EventType "tourn"]
[EventRounds "9"]
[EventCountry "RUS"]
[EventCategory "3"]
[SourceTitle "CBM 170 Extra"]
[Source "ChessBase"]
[SourceDate "2016.02.25"]
[SourceVersion "1"]
[SourceVersionDate "2016.02.25"]
[SourceQuality "1"]

1. d4 Nf6 2. c4 g6 3. Nc3 Bg7 4. e4 d6 5. f3 0-0 6. Be3 a6 7. Bd3 Nbd7 8. Nge2 c5 9. dxc5 dxc5 10. Nf4 b6 11. Be2 Bb7 12. Qc2 Ne8 13. Rd1 Nd6 14. 0-0 Ne5 15. b4 cxb4 16. Ncd5 Nd7 17. Nxb6 Nxb6 18. c5 Qc8 19. Qb3 e5 20. cxd6 exf4 21. Bxb6 Qc6 22. Qxb4 a5 23. Qc5 Qd7 24. Bb5 Qe6 25. d7 Bf6 26. Bc4 Qe7 27. Qc7 Rab8 28. Ba7 Be5 29. d8Q Qxc7 30. Qxc7 Bxc7 31. Rb1 Ra8 32. Bc5 Rfb8 33. a4 Bc6 34. Bd5 Ra6 35. Rxb8+ Bxb8 36. Rb1 Bc7 37. Kf1 Be5 38. Bxc6 Rxc6 39. Rb5 Bc3 40. Ke2 Bb4 41. Bxb4 axb4 42. Kd2 Rc3 43. Rxb4 Ra3 44. Kc2 Ra2+ 45. Kb3 Rxg2 46. a5 Rf2 47. a6 Rxf3+ 48. Ka4 Rf1 49. Rb3 Ra1+ 50. Ra3 Rd1 51. a7 Rd8 52. Rb3 Kg7 53. Rb8 Rd1 54. a8Q Ra1+ 55. Kb3 Rxa8 56. Rxa8 g5 57. Kc3 h5 58. Kd3 g4 59. e5 Kg6 60. Ke4 Kg5 61. Rg8+ Kh4 62. Kxf4 Kh3 63. Rg5 1-0

[Event "Yelets Rector Cup"]
[Site "Yelets"]
[Date "2015.11.29"]
[Round "5"]
[White "Rodin, Dmitrij"]
[Black "Loskutov, Sviatoslav"]
[Result "0-1"]
[WhiteElo "2364"]
[BlackElo "2269"]
[PlyCount "78"]
[EventDate "2015.11.26"]
[EventType "tourn"]
[EventRounds "9"]
[EventCountry "RUS"]
[EventCategory "3"]
[SourceTitle "CBM 170 Extra"]
[Source "ChessBase"]
[SourceDate "2016.02.25"]
[SourceVersion "1"]
[SourceVersionDate "2016.02.25"]
[SourceQuality "1"]

1. e4 d6 2. d4 Nf6 3. Nc3 g6 4. Nf3 Bg7 5. Be2 0-0 6. 0-0 c5 7. d5 Bg4 8. Nd2 Bxe2 9. Qxe2 Nbd7 10. a4 e6 11. dxe6 fxe6 12. Nc4 Ne8 13. Qg4 Qe7 14. Bg5 Qf7 15. Rad1 Ne5 16. Nxe5 Bxe5 17. Bh6 Nf6 18. Qe2 Rfe8 19. Rd3 d5 20. exd5 exd5 21. Qd1 d4 22. Nb5 a6 23. Na3 Qd7 24. Bg5 Ne4 25. f4 Bg7 26. Nc4 Qe6 27. Nd2 Nxg5 28. fxg5 c4 29. Rdf3 Rad8 30. b3 c3 31. Nc4 b5 32. axb5 axb5 33. Na5 d3 34. Rxd3 Qb6+ 35. Kh1 Qxa5 36. Rd7 b4 37. h4 Rxd7 38. Qxd7 Qd8 39. Qb7 Qe7 0-1

[Event "Yelets Rector Cup"]
[Site "Yelets"]
[Date "2015.11.28"]
[Round "4"]
[White "Loskutov, Sviatoslav"]
[Black "Kochukova, Anna"]
[Result "1-0"]
[WhiteElo "2269"]
[BlackElo "2187"]
[PlyCount "87"]
[EventDate "2015.11.26"]
[EventType "tourn"]
[EventRounds "9"]
[EventCountry "RUS"]
[EventCategory "3"]
[SourceTitle "CBM 170 Extra"]
[Source "ChessBase"]
[SourceDate "2016.02.25"]
[SourceVersion "1"]
[SourceVersionDate "2016.02.25"]
[SourceQuality "1"]

1. d4 Nf6 2. c4 e6 3. Nc3 Bb4 4. e3 0-0 5. Bd3 d5 6. Nge2 Bd6 7. c5 Be7 8. b4 b6 9. Bb2 a5 10. a3 axb4 11. axb4 Rxa1 12. Qxa1 bxc5 13. bxc5 c6 14. Qa7 Nbd7 15. f4 Re8 16. h3 Nf8 17. 0-0 Bd7 18. Na4 Qa8 19. Qxa8 Rxa8 20. Nb6 Ra2 21. Rb1 Be8 22. Nc1 Ra7 23. Bc3 Ne4 24. Be1 Bf6 25. Nb3 g5 26. g3 gxf4 27. gxf4 Bg7 28. Bxe4 dxe4 29. Nc8 Ra8 30. Nd6 f5 31. Nxe8 Rxe8 32. Na5 Ng6 33. Nxc6 Rc8 34. Na7 Ra8 35. Nb5 Rb8 36. c6 Ne7 37. c7 Rc8 38. Ba5 Bf8 39. Na7 Ra8 40. Rb7 h5 41. Bb4 Nc8 42. Nxc8 Rxc8 43. Bxf8 Kxf8 44. Rb8 1-0

[Event "Chigorin Memorial 22nd"]
[Site "St Petersburg"]
[Date "2014.10.26"]
[Round "9"]
[White "Munguntuul, Batkhuyag"]
[Black "Loskutov, Sviatoslav"]
[Result "1-0"]
[WhiteElo "2433"]
[BlackElo "2302"]
[PlyCount "39"]
[EventDate "2014.10.18"]
[EventType "swiss"]
[EventRounds "9"]
[EventCountry "RUS"]
[SourceTitle "EXT 2015"]
[Source "ChessBase"]
[SourceDate "2014.11.20"]
[SourceVersion "1"]
[SourceVersionDate "2014.11.20"]
[SourceQuality "1"]

1. e4 e6 2. d4 d5 3. Nc3 Bb4 4. e5 c5 5. Bd2 a6 6. a3 Bxc3 7. Bxc3 cxd4 8. Qxd4 Ne7 9. Nf3 Nbc6 10. Qg4 Nf5 11. Bd3 g6 12. 0-0-0 Qb6 13. Bxf5 exf5 14. Qh4 Be6 15. Qf6 Rg8 16. Ng5 d4 17. Nxf7 Kd7 18. Ng5 Rge8 19. Nxe6 Rxe6 20. Qf7+ 1-0

[Event "RUS-ch U26"]
[Site "Saratov"]
[Date "2013.09.25"]
[Round "2"]
[White "Lysyj, Igor"]
[Black "Loskutov, Sviatoslav"]
[Result "1-0"]
[WhiteElo "2648"]
[BlackElo "2306"]
[PlyCount "87"]
[EventDate "2013.09.24"]
[EventType "swiss"]
[EventRounds "9"]
[EventCountry "RUS"]
[SourceTitle "EXT 2015"]
[Source "ChessBase"]
[SourceDate "2014.11.20"]
[SourceVersion "1"]
[SourceVersionDate "2014.11.20"]
[SourceQuality "1"]

1. d4 Nf6 2. c4 g6 3. Nc3 Bg7 4. Nf3 0-0 5. Bg5 d6 6. e3 Nbd7 7. Be2 c6 8. h3 Rb8 9. 0-0 b5 10. cxb5 cxb5 11. Bxb5 a6 12. Bc4 Rxb2 13. Bb3 Bb7 14. Bxf6 Nxf6 15. Ne1 e5 16. Na4 Rxb3 17. Qxb3 Bd5 18. Qb4 exd4 19. exd4 a5 20. Qb5 Qc7 21. Nb6 Be4 22. f3 Bf5 23. Rd1 Rb8 24. Nd5 Nxd5 25. Qxd5 Be6 26. Qe4 Bxa2 27. f4 Bb3 28. Ra1 f5 29. Qe3 Qa7 30. Nf3 a4 31. Kh2 Bd5 32. Rfd1 h6 33. Qa3 Bb3 34. Rd3 Qd7 35. Re3 Bf8 36. Nh4 Kh7 37. Rg3 d5 38. Qc1 Rb6 39. Nf3 Bg7 40. Ne5 Bxe5 41. fxe5 Rc6 42. Rc3 Rc4 43. Rxc4 Bxc4 44. Qa3 1-0

[Event "RUS-chT U20"]
[Site "Rybinsk"]
[Date "2010.08.10"]
[Round "9"]
[White "Shimanov, Aleksandr"]
[Black "Loskutov, Sviatoslav"]
[Result "0-1"]
[WhiteElo "2519"]
[BlackElo "2132"]
[PlyCount "110"]
[EventDate "2010.08.02"]
[EventType "team-swiss"]
[EventRounds "9"]
[EventCountry "RUS"]
[SourceTitle "EXT 2011"]
[Source "ChessBase"]
[SourceDate "2010.11.26"]
[SourceVersion "1"]
[SourceVersionDate "2010.11.26"]
[SourceQuality "1"]

1. d4 d5 2. c4 c6 3. Nf3 Nf6 4. Nc3 dxc4 5. a4 Bf5 6. Nh4 e6 7. Nxf5 exf5 8. e3 Nbd7 9. Bxc4 Nb6 10. Ba2 Nbd5 11. 0-0 Bd6 12. Qf3 g6 13. Bd2 0-0 14. Rfc1 Nxc3 15. bxc3 Ne4 16. Be1 Re8 17. Qd1 Qh4 18. h3 Qh6 19. Qd3 Ng5 20. Kf1 Re7 21. a5 Rae8 22. Rc2 Nxh3 23. gxh3 Qxh3+ 24. Ke2 f4 25. Kd1 fxe3 26. Bc4 Qh1 27. Qf1 e2+ 28. Rxe2 Qxf1 29. Rxe7 Qxc4 30. Rxe8+ Kg7 31. Kc2 c5 32. dxc5 Bxc5 33. Re5 Bd6 34. Re8 Bf4 35. f3 Qf1 36. c4 Qg2+ 37. Kb3 Qxf3+ 38. Bc3+ f6 39. Kc2 Be5 40. Bxe5 Qe4+ 41. Kc3 fxe5 42. Rd1 Qe3+ 43. Kb4 b6 44. axb6 Qxb6+ 45. Kc3 Qe3+ 46. Rd3 Qc1+ 47. Kb4 Qb1+ 48. Kc3 a5 49. Re7+ Kh6 50. Rd5 Qb4+ 51. Kd3 Qb3+ 52. Kd2 Qxc4 53. Rexe5 a4 54. Rd3 Qb4+ 55. Ke3 a3 0-1